Pays par taux de suicide le plus élevé - Statistiques

Statistiques générales
  • Ce quiz a été pris 409 fois
  • Le résultat moyen est 5 sur 20
Statistiques - réponses
*rates Hint Pays % Correct
26.5 Europe Russie
75%
20.2 Asie Corée du Sud
57%
18.5 Europe Ukraine
55%
16.5 Asie Inde
45%
21.4 Europe Biélorussie
44%
25.7 Europe Lituanie
30%
17.2 Europe Lettonie
27%
17.3 Afrique Nigeria
27%
16.5 Ameriques Uruguay
20%
30.2 Ameriques Guyana
19%
23.2 Ameriques Suriname
18%
28.9 Afrique Lesotho
13%
19.5 Afrique Cameroun
12%
22.8 Asie Kazakhstan
10%
16.6 Afrique Togo
10%
20.0 Afrique Ouganda
9%
23.0 Afrique Côte d'Ivoire
8%
16.7 Afrique Swaziland
8%
19.1 Afrique Zimbabwe
7%
22.0 Afrique Guinée Équatoriale
4%
Aucun quiz correspondant
Distribution des résultats
% des personnes avec chaque résultat
Percentile par nombre de réponses
Votre historique - résultats
Vous n’avez pas pris ce quiz